000
00294nam a22001337a 4500
008
171228b xxu||||| |||| 00| 0 eng d
020
_a
9780159007761
041
_a
eng
080
_a
34
100
_a
14
101
_a
JUR
245
_a
GILBERT LAW SUMMARIES
_c
EISENBERG,M,A
942
_2
udc
_c
BK
999
_c
39564
_d
39564